| 000 | 01072aab a2200193 i 4500 | ||
|---|---|---|---|
| 001 | 768714001 | ||
| 003 | CO-MdFUSB | ||
| 005 | 20240422094214.0 | ||
| 008 | 220913b ||||| |||| 00| 0 eng d | ||
| 040 |
_bspa _cCO-MdFUSB _dCO-MdFUSB |
||
| 041 | _aspa | ||
| 100 | 1 |
_aLubich, Chiara (1920-) _eautor |
|
| 245 | 1 | 0 |
_aSemillas de comunión para el tercer milenio _c/ Chiara Lubich |
| 300 |
_aVolumen 13, número 4 (octubre - diciembre, 1994), páginas: 17 - 18 _c; 27 cm |
||
| 520 | _aLa tarea de cada familia es la de vivir con tanta perfección su vocación, que pueda convertirse en un modelo para toda la familia humana, transfiriéndole sus valores con su característico modo de ser. De esta manera la familia llegará a ser, como dice el título de Familyfest, semilla de comunión para la humanidad del tercer milenio. Dios ha creado a la familia como signo y modelo de toda convivencia. | ||
| 650 | 0 |
_9292 _aFamilias |
|
| 773 | 0 |
_tIglesia y Misión _049402 _959645 _gVolumen 13, número 4 (octubre - diciembre, 1994), páginas: 17 - 18 _qpágina: 17 |
|
| 942 | _cANA | ||
| 999 |
_c52091 _d52091 |
||